International whaling statistics 91 and 92

Saved in:
Bibliographic Details
Format: Book
Language:English
Published: Sandefjord Comittee for Whaling Statistics 1983
Tags: Add Tag
No Tags, Be the first to tag this record!

MARC

LEADER 00000nam a2200000 4500
001 c117111
005 20251203080838.5
041 0 |a eng 
044 |a GB 
245 1 0 |a International whaling statistics 91 and 92 
264 1 |a Sandefjord  |b Comittee for Whaling Statistics  |c 1983 
300 |a 63 s.